<?xml version="1.0" encoding="UTF-8"?><?xml-stylesheet type="text/xsl" href="static/style.xsl"?><OAI-PMH xmlns="http://www.openarchives.org/OAI/2.0/" xmlns:xsi="http://www.w3.org/2001/XMLSchema-instance" xsi:schemaLocation="http://www.openarchives.org/OAI/2.0/ http://www.openarchives.org/OAI/2.0/OAI-PMH.xsd"><responseDate>2026-04-17T04:00:54Z</responseDate><request verb="GetRecord" identifier="oai:www.recercat.cat:2117/350261" metadataPrefix="marc">https://recercat.cat/oai/request</request><GetRecord><record><header><identifier>oai:recercat.cat:2117/350261</identifier><datestamp>2026-02-11T16:30:06Z</datestamp><setSpec>com_2072_1033</setSpec><setSpec>col_2072_452951</setSpec></header><metadata><record xmlns="http://www.loc.gov/MARC21/slim" xmlns:dcterms="http://purl.org/dc/terms/" xmlns:xsi="http://www.w3.org/2001/XMLSchema-instance" xmlns:doc="http://www.lyncode.com/xoai" xsi:schemaLocation="http://www.loc.gov/MARC21/slim http://www.loc.gov/standards/marcxml/schema/MARC21slim.xsd">
   <leader>00925njm 22002777a 4500</leader>
   <datafield ind2=" " ind1=" " tag="042">
      <subfield code="a">dc</subfield>
   </datafield>
   <datafield ind2=" " ind1=" " tag="720">
      <subfield code="a">Castelló Enseñat, Aina</subfield>
      <subfield code="e">author</subfield>
   </datafield>
   <datafield ind2=" " ind1=" " tag="720">
      <subfield code="a">Mateo Roldán, Marta</subfield>
      <subfield code="e">author</subfield>
   </datafield>
   <datafield ind2=" " ind1=" " tag="260">
      <subfield code="c">2021-07</subfield>
   </datafield>
   <datafield ind2=" " ind1=" " tag="520">
      <subfield code="a">El codi ISM va aparèixer com a conseqüència d'un conjunt de successos i accidents durant la dècada dels 80 i 90 en què estima la manca de normativa referent a la seguretat marítima a bord de les embarcacions. La principal funció del codi és la de proporcionar una norma internacional sobre la gestió de la seguretat operacional del vaixell i la prevenció de la contaminació. També, haurà de garantir la seguretat marítima, així com prevenir les lesions personals o pèrdues de vides humanes i danys al medi ambient marí. Per tant, el sistema de gestió de la seguretat haurà de garantir el compliment de les normes obligatòries i, a més, que es tinguin presents els codis aplicables, junt amb les directrius i normes recomanades per l'organització i les administracions, les societats de classificació i altres organitzacions del sector. Per garantir els objectius del Sistema de gestió de la seguretat, l’empresa naviliera tindrà un gran equip humà, personal a terra i tripulacions que utilitzin els recursos adequats i els mètodes idonis. Aquest és el compromís de l’alta direcció i la raó per la qual s'aprova el codi ISM, amb una estructura definida, mitjançant el Sistema de Gestió de la Seguretat.</subfield>
   </datafield>
   <datafield tag="653" ind2=" " ind1=" ">
      <subfield code="a">Àrees temàtiques de la UPC::Nàutica::Seguretat marítima</subfield>
   </datafield>
   <datafield tag="653" ind2=" " ind1=" ">
      <subfield code="a">Ships -- Safety regulations</subfield>
   </datafield>
   <datafield tag="653" ind2=" " ind1=" ">
      <subfield code="a">Merchant marine -- Safety measures</subfield>
   </datafield>
   <datafield tag="653" ind2=" " ind1=" ">
      <subfield code="a">Isma</subfield>
   </datafield>
   <datafield tag="653" ind2=" " ind1=" ">
      <subfield code="a">Fsa</subfield>
   </datafield>
   <datafield tag="653" ind2=" " ind1=" ">
      <subfield code="a">Sgs</subfield>
   </datafield>
   <datafield tag="653" ind2=" " ind1=" ">
      <subfield code="a">Imo</subfield>
   </datafield>
   <datafield tag="653" ind2=" " ind1=" ">
      <subfield code="a">Navegació -- Reglaments de seguretat</subfield>
   </datafield>
   <datafield tag="653" ind2=" " ind1=" ">
      <subfield code="a">Vaixells -- Reglaments de seguretat</subfield>
   </datafield>
   <datafield tag="653" ind2=" " ind1=" ">
      <subfield code="a">Marina mercant -- Mesures de seguretat</subfield>
   </datafield>
   <datafield ind2="0" ind1="0" tag="245">
      <subfield code="a">Sistemes de gestió de la segurerat a bord dels vaixells.</subfield>
   </datafield>
</record></metadata></record></GetRecord></OAI-PMH>